Paradigmas, modelos y estrategias en la práctica latinoamericana de planificación regional

Versión revisada de la ponencia de la Reunión. Se reproduce para uso exclusivo de los participantes de cursos del ILPES.

Bibliographic Details
Main Author: Mattos, Carlos A. de
Corporate Author: ILPES
Format: Libro
Language:Spanish
Published: Santiago, Chile : ILPES, 1984.
Subjects:
Online Access:Acceso electrónico al documento

MARC

LEADER 00000nam a22000007a 4500
008 200409s1984 cl |||| o|||| 00| 0 spa d
952 |0 0  |1 0  |2 ddc  |4 0  |6 RECURSO_ELECTRONICO  |7 0  |8 BAS  |9 94260  |a BC  |b BC  |c Digital  |d 2020-10-21  |l 0  |o RECURSO ELECTRONICO  |r 2020-10-21 00:00:00  |w 2020-10-21  |y BK  |B ADM 
999 |c 53861  |d 53861 
040 |a UAHC  |c UAHC 
100 |9 10253  |a Mattos, Carlos A. de 
245 |a Paradigmas, modelos y estrategias en la práctica latinoamericana de planificación regional  |c Carlos Antonio De Mattos. 
260 |a Santiago, Chile :  |b ILPES,  |c 1984. 
300 |a 40 p. 
500 |a Sitio visitado https://repositorio.cepal.org//handle/11362/33147 el 21 de octubre de 2020. 
520 |a Versión revisada de la ponencia de la Reunión. Se reproduce para uso exclusivo de los participantes de cursos del ILPES. 
651 0 |9 217  |a América Latina  |x Condiciones económicas 
651 0 |9 4077  |a América Latina  |x Condiciones sociales 
710 |9 13020  |a ILPES 
856 |u https://repositorio.cepal.org//handle/11362/33147  |y Acceso electrónico al documento 
900 |a Recurso electrónico 
942 |c BK  |2 ddc